00510nam a2200181Ii 450000100060000000300090000600800410001504000330005604100080008908200150009710000100011224500470012226400660016930000120023533600260024733700280027333800270030112592CO-ViMGA241108s9999||||xx |||||||||||||| ||und|| aCO-ViMGAbspaerdacCO-ViMGA0 aunk04a868.5-L17a1 aLarra10aLarra:bArtículos políticos y sociales 1a[Lugar de publicación no identificado] : Espasa Calpe, 1942 avolumen atextbtxt2rdacontent aunmediatedbn2rdamedia avolumebnc2rdacarrier